000 00840nam a2200277 a 4500
001 000013091
003 DO-SdBPM
005 20250730130641.0
007 ta
008 091120s1980 sp 000 f spa d
020 _a8428601879
040 _aDO-SdBPM
_bspa
_cBPMSU
_erda
082 4 _aA868.6
_bC828e 1980
_222
100 1 _a Cortez Alberto
_d 1940-2019
_eautor
245 1 0 _a Equipaje /
_cAlberto Cortez ; ilustraciones Renée Govaerts
260 _a
264 _aArgentina :
_b Editorial Pomaire,
_c1980
300 _a126 páginas ;
_c21 cm.
336 _atexto
_btxt
_2rdacontent
337 _asin mediación
_bn
_2rdamedia
338 _avolumen
_bnc
_2rdacarrier
590 _aInventariado, 2025/VM
650 7 _aLiteratura argentina
_vColecciones de escritos.
910 _aVMateo V. Control de calidad BPMSU
942 _2ddc
_cBK
999 _c15293
_d15293